000 00368nam a2200145Ia 4500
008 240624s9999 xx 000 0 und d
041 _aeng
082 _a658.1 ALL
100 _aALLEN KATHLEEN R
245 _aNEW VENTURE CREATION
250 _a(6th ed.)
260 _c2015
_aNew Delhi
_bCengage Learning
300 _axxiii, : 579 : p. : cm. ; 26
365 _cRS
_b31
999 _c25180
_d25180